[Event "32nd Iranian Women-ch 2022"]
[Site "Kermanshah"]
[Date "2022.03.03"]
[Round "6.3"]
[White "Parvizi, Anita"]
[Black "Heydari, Maryam"]
[Result "1-0"]
[WhiteElo "1693"]
[BlackElo "1684"]
[Annotator "NA RC"]
[PlyCount "127"]
[EventDate "2022.02.28"]
[EventType "tourn"]
[EventCountry "IRI"]
[SourceTitle "playchess.com"]
[Source "ChessBase"]
[SourceQuality "1"]
[TimeControl "5400+30"]

1. e4 {[%emt 0:00:04]} c5 {[%emt 0:00:20]} 2. Nf3 {[%emt 0:00:07]} g6 {[%emt 0:00:06]} 3. d4 {[%emt 0:00:07]} cxd4 {[%emt 0:00:05]} 4. Nxd4 {[%emt 0:00:04]} Nc6 {[%emt 0:00:33]} 5. Nc3 {[%emt 0:00:11]} Bg7 {[%emt 0:00:27]} 6. Be3 {[%emt 0:00:06]} d6 {[%emt 0:02:20]} 7. Bc4 {[%emt 0:00:58]} Nf6 {[%emt 0:01:42]} 8. f3 {[%emt 0:00:46]} O-O {[%emt 0:00:43]} 9. Qd2 {[%emt 0:00:45]} a6 {[%emt 0:06:15]} 10. h4 {[%emt 0:01:29]} Nxd4 {[%emt 0:05:02]} 11. Bxd4 {[%emt 0:00:03]} b5 {[%emt 0:00:28]} 12. Bb3 {[%emt 0:00:20]} Be6 {[%emt 0:02:44]} 13. g4 {[%emt 0:02:07]} Bxb3 {[%emt 0:03:30]} 14. axb3 {[%emt 0:01:42]} e5 {[%emt 0:05:33]} 15. Be3 {[%emt 0:01:05]} b4 {[%emt 0:19:41]} 16. Na4 {[%emt 0:02:17]} a5 {[%emt 0:09:07]} 17. h5 {[%emt 0:03:15]} d5 {[%emt 0:01:40]} 18. Bc5 {[%emt 0:07:09]} Re8 {[%emt 0:09:21]} 19. hxg6 {[%emt 0:02:11]} fxg6 {[%emt 0:07:15]} 20. g5 {[%emt 0:00:31]} Nh5 {[%emt 0:01:02]} 21. Qxd5+ {[%emt 0:03:30]} Qxd5 {[%emt 0:02:55]} 22. exd5 {[%emt 0:00:02]} e4 {[%emt 0:01:10]} 23. Kf2 {[%emt 0:02:14]} exf3 {[%emt 0:00:27]} 24. Rhe1 {[%emt 0:04:45]} Re2+ {[%emt 0:01:16]} 25. Rxe2 {[%emt 0:02:00]} fxe2 {[%emt 0:00:07]} 26. Nb6 {[%emt 0:03:07]} Re8 {[%emt 0:08:51]} 27. d6 {[%emt 0:02:35]} Bf8 {[%emt 0:03:12]} 28. Ke1 {[%emt 0:11:13]} Nf4 {[%emt 0:00:55]} 29. d7 {[%emt 0:00:29]} Ng2+ {[%emt 0:02:02]} 30. Kd2 {[%emt 0:00:32]} Rd8 {[%emt 0:01:00]} 31. Bxf8 {[%emt 0:00:15]} Kxf8 {[%emt 0:00:11]} 32. Kxe2 {[%emt 0:00:13]} Nf4+ {[%emt 0:00:21]} 33. Kf3 {[%emt 0:00:01]} Ne6 {[%emt 0:00:18]} 34. Rxa5 {[%emt 0:00:16]} Nd4+ {[%emt 0:02:14]} 35. Ke4 {[%emt 0:01:06]} Nxc2 {[%emt 0:00:36]} 36. Kd5 {[%emt 0:02:07]} Ke7 {[%emt 0:01:43]} 37. Rc5 {[%emt 0:00:33]} Ne3+ {[%emt 0:00:35]} 38. Kc6 {[%emt 0:00:13]} Nf5 {[%emt 0:02:31]} 39. Re5+ {[%emt 0:00:02]} Kf7 {[%emt 0:00:53]} 40. Kc7 {[%emt 0:00:03]} Rxd7+ {[%emt 0:00:44]} 41. Kxd7 {[%emt 0:00:11]} Nd4 {[%emt 0:00:15]} 42. Re3 {[%emt 0:00:28]} Nf5 {[%emt 0:00:26]} 43. Rf3 {[%emt 0:00:08]} Kg7 {[%emt 0:00:11]} 44. Nd5 {[%emt 0:00:10]} Nd4 {[%emt 0:00:47]} 45. Rd3 {[%emt 0:00:24]} Nc2 {[%emt 0:00:22]} 46. Kc6 {[%emt 0:00:30]} h5 {[%emt 0:00:23]} 47. gxh6+ {[%emt 0:00:18]} Kxh6 {[%emt 0:00:08]} 48. Kb5 {[%emt 0:00:08]} g5 {[%emt 0:00:15]} 49. Nxb4 {[%emt 0:00:05]} Ne1 {[%emt 0:00:12]} 50. Rg3 {[%emt 0:00:48]} Kh5 {[%emt 0:00:13]} 51. Nd3 {[%emt 0:00:40]} Nc2 {[%emt 0:00:13]} 52. b4 {[%emt 0:00:22]} Kh4 {[%emt 0:00:18]} 53. Rg1 {[%emt 0:00:30]} g4 {[%emt 0:00:21]} 54. Kc4 {[%emt 0:00:27]} Ne3+ {[%emt 0:00:11]} 55. Kd4 {[%emt 0:00:13]} Nf5+ {[%emt 0:00:25]} 56. Ke5 {[%emt 0:00:07]} Ne3 {[%emt 0:00:16]} 57. Ke4 {[%emt 0:00:23]} Nc4 {[%emt 0:00:15]} 58. Kf4 {[%emt 0:00:15]} Kh3 {[%emt 0:00:27]} 59. Rxg4 {[%emt 0:00:17]} Nb6 {[%emt 0:00:59]} 60. Kf3 {[%emt 0:00:13]} Kh2 {[%emt 0:00:26]} 61. b5 {[%emt 0:00:21]} Nd5 {[%emt 0:00:39]} 62. Rb4 {[%emt 0:00:30]} Nxb4 {[%emt 0:00:25]} 63. Nxb4 {[%emt 0:00:05]} Kh3 {[%emt 0:00:05]} 64. b6 {[%emt 0:00:09]} 1-0

[Event "32nd Iranian Women-ch 2022"]
[Site "Kermanshah"]
[Date "2022.03.03"]
[Round "6.4"]
[White "Mahdavi, Mahdis"]
[Black "Mahdian, Anousha"]
[Result "1-0"]
[WhiteElo "1692"]
[BlackElo "2179"]
[Annotator "TA"]
[PlyCount "81"]
[EventDate "2022.02.28"]
[EventType "tourn"]
[EventCountry "IRI"]
[SourceTitle "playchess.com"]
[Source "ChessBase"]
[SourceQuality "1"]

{[%evp 12,81,36,12,8,0,59,60,60,41,53,53,66,62,68,58,103,83,97,58,56,0,76,66,70,68,63,64,122,63,113,58,60,43,56,49,51,14,11,6,50,62,102,101,117,83,56,73,36,113,233,263,256,245,209,227,277,268,283,277,337,307,317,309,480,380,583,542,29979,29980,29980,2289]} 1. e4 c6 2. d4 d5 3. e5 Bf5 4. Nf3 e6 5. Be2 Nd7 6. O-O Ne7 7. Nh4 Be4 {B12: Caro-Kann: Advance Variation.} 8. Nd2 Bg6 (8... c5 $1 $11) 9. Nxg6 hxg6 {[#] White is slightly better.} 10. f4 $146 ({Predecessor:} 10. g3 c5 11. c3 Nc6 12. Nf3 Qb6 13. Rb1 Be7 14. Kg2 Rc8 15. Be3 cxd4 16. cxd4 {1-0 (42) Allahverdiyeva,A (2088)-Gusarov,G (2354) Chess.com INT 2021}) 10... c5 11. c3 $1 cxd4 12. cxd4 Qb6 13. Nf3 Nf5 (13... Nc6 $14 {should be considered.}) 14. g4 Nh4 15. Qa4 Qb4 16. Qd1 (16. Qxb4 $14 Bxb4 17. Nxh4 Rxh4 18. f5 exf5 19. Bg5) 16... Nb8 (16... Qb6 $1 $11 {remains equal.}) 17. a3 Qb6 18. b4 Nc6 19. Be3 Be7 (19... Nxf3+ $14 20. Rxf3 Be7) 20. Rc1 (20. Ng5 $1 $16) 20... a6 (20... f5 $14) 21. Qd3 (21. Ng5 $1 $16) 21... Nxf3+ $14 22. Rxf3 O-O-O 23. Bf2 Kb8 24. Rb1 Na7 25. Qd2 Rc8 (25... Bh4 $1 $11) 26. Rfb3 Rc7 27. a4 {[%cal Ba3a4,Ba4a5,Ba5a6][%mdl 32]} Rhc8 28. a5 Qc6 29. b5 $36 {[%mdl 2048] White is on the roll.} axb5 30. Bxb5 Qc2 (30... Nxb5 $16 31. Rxb5 Qa6) 31. Qxc2 $18 Rxc2 {[#]} 32. Bf1 R2c7 33. a6 {Strongly threatening Rb6.} b5 34. Bxb5 Nxb5 35. Rxb5+ Ka7 36. Kg2 Bd8 37. Rb7+ Ka8 (37... Rxb7 {was worth a try.} 38. Rxb7+ (38. axb7 Rb8 $11) 38... Kxa6 39. Rxf7 Rc2) 38. h4 Rc2 (38... Be7 $142 39. Be1 Ba3) 39. Rxf7 Bxh4 {[#]} 40. Rbb7 $1 Rxf2+ 41. Kh3 {Weighted Error Value: White=0.14 (very precise) /Black=0.54} 1-0

[Event "32nd Iranian Women-ch 2022"]
[Site "Kermanshah"]
[Date "2022.03.03"]
[Round "6.5"]
[White "Paktinat, Zhina"]
[Black "Azali, Tannaz"]
[Result "0-1"]
[WhiteElo "1903"]
[BlackElo "2100"]
[Annotator "TA"]
[PlyCount "162"]
[EventDate "2022.02.28"]
[EventType "tourn"]
[EventCountry "IRI"]
[SourceTitle "playchess.com"]
[Source "ChessBase"]
[SourceQuality "1"]

{[%evp 9,162,23,31,32,29,27,26,20,33,31,36,27,25,41,39,37,40,-28,-34,-27,-28,-90,-98,-96,-98,-93,-33,-106,-58,-114,-35,-75,-68,-129,-117,-191,-169,-171,-175,-326,-328,-304,-257,-297,-213,-258,-254,-276,-222,-273,-268,-247,-203,-202,-203,-203,-202,-202,-198,-215,-231,-211,-165,-135,-125,-134,-137,-306,-273,-378,-376,-308,-124,-330,-234,-234,-234,-233,-231,-202,-202,-228,-202,-212,-211,-207,-123,-118,-16,-23,-25,-42,-8,-8,-8,-8,0,0,0,0,0,0,0,0,0,0,0,-7,-7,-1187,-1146,-8,-674,-12850,-12836,-12797,-8386,-5128,-5156,-29970,-29971,-29971,-29972,-29972,-29973,-29973,-29974,-29974,-29975,-29975,-29976,-29976,-29976,-29977,-29978,-29979,-29980,-29980,-29981,-29981,-29982,-29983,-29984,-29986,-29978,-29978,0,-29986,-29987,-29987,-29988,-29988,-29989,-29991,-29992]} 1. e4 c5 2. Nf3 e6 3. c3 d5 4. exd5 Qxd5 5. Na3 a6 6. Nc4 {[#] Threatens to win with Nb6. B40: Sicilian: 2...e6, Unusual lines.} Nd7 {Inhibits Nb6.} 7. a4 b6 8. d4 {White has an edge.} Ngf6 9. Be2 Bb7 10. Be3 Be7 {[#]} 11. dxc5 $146 ({Predecessor:} 11. O-O O-O 12. Qc2 Qc6 13. Rfd1 Qc7 14. Nce5 Rad8 15. Bf4 Bd6 16. Nxd7 Rxd7 17. Bxd6 Rxd6 18. dxc5 bxc5 19. Rxd6 Qxd6 {½-½ (35) Amann,K (1908)-Sukhov,N (2409) IECG email 2005}) 11... Qxd1+ 12. Rxd1 bxc5 13. Nd6+ (13. Bf4 $14) 13... Bxd6 $11 14. Rxd6 Nd5 {Inhibits Bf4.} 15. c4 (15. a5 $11 {keeps the balance.}) 15... Nxe3 $17 16. fxe3 Ke7 17. Rd2 Nf6 (17... Bc6 $17) 18. Bd3 (18. Ne5 $1 $15) 18... Rhd8 (18... Bxf3 $17 19. gxf3 Rab8) 19. Ke2 (19. Ne5 $15) 19... Bc6 (19... Rab8 $17 20. Rhd1 h6) 20. Ra1 g6 $36 {[%cal Bg7g6,Bg6g5][%mdl 2080] Black fights for an advantage.} (20... Rab8 {seems wilder.} 21. Ne5 Rd6 22. a5 g6 23. g3 Nd7) 21. h3 (21. b3 $15) 21... Rab8 22. g4 (22. Ra3 $17) 22... Bxf3+ $19 23. Kxf3 Nd7 24. Kf4 {To avoid Ne5} (24. Rad1 {keeps fighting.}) 24... g5+ 25. Ke4 Rb4 {[%cal Oh7h5]} 26. a5 Nb8 27. Ra3 Nc6 28. b3 f6 29. Kf3 Ne5+ 30. Ke2 Rh8 ({And not} 30... Nxd3 31. Rxd3 Rxd3 32. Kxd3 $17) 31. Be4 h5 32. gxh5 Rxh5 33. Bg2 Rh8 {aiming for ...Rhb8.} 34. Kd1 f5 35. Kc2 g4 36. hxg4 Nxg4 37. Re2 Rh2 {[%cal Oh2g2] Black is more active.} 38. Kd2 $2 (38. Kc3 $17 {was called for.}) 38... Rb8 39. Bf3 Ne5 40. Bg2 Rd8+ (40... Rg8 $19 {has better winning chances.} 41. Bf1 Rh1) 41. Ke1 $2 (41. Kc3 $17) 41... Nd3+ 42. Kf1 Nb4 43. Ra1 Rd3 44. Rb1 Rh8 45. Kf2 Rhd8 46. e4 f4 {[#] ...Rg3 is the strong threat.} 47. e5 Rc3 ({Black should try} 47... Rg3 $19 48. Be4 Rh8) 48. Be4 $17 Nd3+ (48... Rh8 $17 {Strongly threatening ...Rh2+.} 49. Kg1 Rh4) 49. Bxd3 $11 Rdxd3 {[%mdl 4096] Endgame KRR-KRR} 50. b4 Rxc4 51. bxc5 Rxc5 {White must now prevent ...Rh3.} 52. Rb7+ $1 Rd7 53. Rxd7+ Kxd7 {KR-KR} 54. Kf3 Rxa5 {And now ...Kc6 would win.} 55. Kxf4 Rd5 56. Kg5 Ke7 57. Kg6 a5 {[%cal Ba6a5,Ba5a4][%mdl 32]} 58. Re4 Rb5 59. Re3 $2 {[%mdl 8192] White is now going downhill.} (59. Kg7 $11) 59... a4 $19 60. Ra3 Ra5 $2 {[%mdl 8192]} (60... Rb4 $11) 61. Kg7 Rxe5 62. Rxa4 Rg5+ 63. Kh6 Rg1 {( -> ...Kd6)} 64. Ra6 Kf6 {[%cal Rg1h1]} 65. Kh5 Kf5 {[%cal Rg1h1]} 66. Kh4 e5 {[%cal Be6e5,Be5e4,Be4e3,Be3e2][%mdl 32]} 67. Ra8 Kf4 {[%cal Rg1h1]} 68. Rf8+ Ke3 69. Kh3 e4 70. Kh2 Rg5 71. Rf7 Ke2 72. Re7 e3 73. Kh3 Kd2 74. Rd7+ Ke1 75. Re7 e2 76. Rd7 Re5 77. Kg2 Rg5+ 78. Kh3 $1 Kf2 {Black mates.} 79. Rf7+ Ke3 80. Re7+ Kf3 {[%cal Rg5h5]} 81. Rf7+ Ke4 {Weighted Error Value: White=0.40/Black=0.20 (precise)} 0-1

[Event "32nd Iranian Women-ch 2022"]
[Site "Kermanshah"]
[Date "2022.03.03"]
[Round "6.6"]
[White "Zahedifar, Anahita"]
[Black "Masoumi, Sahar"]
[Result "0-1"]
[WhiteElo "2213"]
[BlackElo "1925"]
[Annotator "TA"]
[PlyCount "94"]
[EventDate "2022.02.28"]
[EventType "tourn"]
[EventCountry "IRI"]
[SourceTitle "playchess.com"]
[Source "ChessBase"]
[SourceQuality "1"]

{[%evp 9,94,28,27,21,29,27,37,34,28,-43,-26,-30,-20,-10,-21,-14,-25,-50,-35,-100,-96,-105,-97,-96,-95,-121,-97,-168,-27,-9,-2,-39,-52,-68,-34,-79,-20,-22,-22,-54,-44,-38,-10,-6,-6,-26,-25,-79,-57,-91,-74,-94,-97,-145,-136,-131,-131,-220,-189,-237,-233,-411,-412,-478,-487,-460,-467,-610,-568,-552,-449,-633,-633,-683,-633,-825,-809,-809,-808,-1540,-1572,-1747,-1495,-2382,-2212,-29978,-11208]} 1. Nf3 Nf6 2. d4 g6 3. Nbd2 d5 4. e3 Bg7 5. b4 Nbd7 {[%cal Oe7e5]} 6. c4 {[#] D02: 1 d4 d5 2 Nf3 sidelines, including 2...Nf6 3 g3 and 2...Nf6 3 Bf4.} dxc4 $146 ({Predecessor:} 6... e5 7. dxe5 Ng4 8. Rb1 Ndxe5 9. h3 Nxf3+ 10. Nxf3 Bf5 11. Bb2 Nf6 12. Bd3 Bxd3 13. Qxd3 {½-½ (46) Theodorou,N (2543)-Molenda,M (2387) Patras 2019}) 7. Nxc4 O-O 8. a4 {White is slightly better.} b6 9. g3 (9. Bb2 $11) 9... Bb7 10. Bg2 Bd5 11. Ncd2 c5 12. bxc5 bxc5 13. Bb2 Rb8 14. Bc3 (14. Ba3 $1 $15) 14... cxd4 $17 15. Bxd4 Qa5 $1 {[%cal Oe7e5] White must now prevent ...e5!} 16. Rc1 Bb3 {[%cal Bd5b3,Bb3a4,Ba4d7][%mdl 32] Black is more active.} 17. Qe2 e5 ({Reject} 17... Qxa4 $6 18. Nxb3 Rxb3 19. O-O $14) 18. Ba1 (18. Bc3 $17 Rfc8 19. Nxb3 (19. Bxa5 $2 {is the wrong capture.} Rxc1+ 20. Qd1 Rxd1+ $19) 19... Rxc3 20. Nxa5 Rxc1+ 21. Kd2 Rb2+ 22. Kxc1 Rxe2 23. Rd1) 18... Ne4 (18... e4 19. Nd4 Bd5 20. O-O $11) (18... Bxa4 $19 {...Bb5 is the strong threat.} 19. O-O Bb5) 19. O-O $11 Nxd2 (19... Qxa4 $2 20. Nxe4 Qxe4 21. Nd4 $1 {[%mdl 512]} Qxg2+ 22. Kxg2 $18) 20. Nxd2 Bxa4 (20... Qxa4 $2 21. Bc6 Qa2 22. Bxd7 $18) 21. Bc3 Qb5 (21... Qb6 $5 {[%cal Ra4b5]} 22. Bd5 Rfc8 $15) 22. Qf3 (22. Qc4 $15) 22... Qd3 (22... Rfc8 $17) 23. Qg4 Nb6 24. Ba5 Bd7 25. Qh4 Qb5 26. Bc3 Na4 27. Rb1 Qa6 28. Bb4 (28. Ra1 $1 $11 {remains equal.}) 28... Rfc8 $17 29. Qe7 {Black keeps a firm grip on the game.} Qe6 $36 {[%mdl 2048] White is under strong pressure.} 30. Ne4 {[#]} f5 $1 31. Ng5 ({White should play} 31. Rbd1 Nb6 32. Qxe6+ Bxe6 33. Ng5) 31... Qxe7 32. Bxe7 Nc3 {aiming for ...Bb5.} 33. Ra1 (33. Rxb8 $17 {was called for.} Rxb8 34. Bd6) 33... a6 34. Rfd1 {[#]} (34. Rxa6 {might work better.} Bb5 35. Ra7) 34... Bb5 $1 $19 ({Not} 34... Nxd1 35. Bd5+ Kh8 36. Nf7+ Kg8 37. Ng5+ Kh8 38. Nf7+ Kg8 39. Ng5+ $11) 35. Rd2 $2 (35. Rd6 {was necessary.}) 35... e4 36. Re1 {[#] Inhibits Ne2+.} Ne2+ $1 {[%mdl 512]} 37. Rdxe2 Bxe2 38. Rxe2 Rb1+ 39. Bf1 h6 {[%cal Bh7h6,Bh6g5,Bg5g4][%mdl 32]} 40. Rd2 (40. f3 $142 hxg5 41. fxe4 fxe4 42. Bxg5) 40... hxg5 41. Kg2 g4 {( -> ...Rcc1)} 42. Ba3 {Prevents Rcc1.} a5 43. Ba6 Rc6 44. Rd8+ Kh7 45. Rd7 Rxa6 46. Bf8 {[#]} Kg8 $1 47. Bxg7 (47. Ba3 Rb3) 47... Rc6 {Weighted Error Value: White=0.78/Black=0.15 (very precise)} 0-1

[Event "32nd Iranian Women-ch 2022"]
[Site "Kermanshah"]
[Date "2022.03.04"]
[Round "7.1"]
[White "Masoumi, Sahar"]
[Black "Asgharzadeh, Mitra"]
[Result "0-1"]
[WhiteElo "1925"]
[BlackElo "1950"]
[Annotator "TA"]
[PlyCount "118"]
[EventDate "2022.02.28"]
[EventType "tourn"]
[EventCountry "IRI"]
[SourceTitle "playchess.com"]
[Source "ChessBase"]
[SourceQuality "1"]

{[%evp 24,118,10,0,0,-21,-25,-15,-23,-16,-20,-22,-28,-44,0,0,0,0,0,-8,46,52,52,47,87,32,47,47,46,4,33,31,26,0,44,0,37,0,46,45,68,0,109,74,77,-23,-31,-100,-86,-104,-79,-96,-96,-126,-126,-126,-126,-116,-111,-104,-104,-126,-126,-126,-111,-111,-111,-111,-111,-111,-111,-111,-111,-111,-111,-106,-78,-88,-77,-111,-111,-158,-118,-1168,-462,-12841,-12841,-12842,-12842,-12843,-12843,-12843,-12844,-12844,-12844,-12845,-12846]} 1. c4 c5 2. Nc3 Nf6 3. g3 g6 4. Bg2 Bg7 5. e4 d6 6. Nge2 Nc6 7. O-O O-O 8. d3 Bd7 9. h3 a6 10. Be3 Rb8 11. a4 Ne8 {[%cal Bf6e8,Be8c7,Bc7e6][%mdl 32]} 12. d4 cxd4 13. Nxd4 Nc7 {A36: Symmetrical English vs ...g6: 4 Bg2 Bg7.} 14. Nce2 Ne6 15. Kh2 Qa5 {The position is equal.} 16. b3 {[#]} Nexd4 $146 ({Predecessor:} 16... Rfc8 17. Rb1 b5 18. axb5 Ncxd4 19. Nxd4 Nxd4 20. Bxd4 axb5 21. Bxg7 Kxg7 22. Qd4+ Kg8 {½-½ (40) Matoewi,R (2151)-Sorensen,T (2418) Khanty-Mansiysk 2010}) 17. Nxd4 Qb4 18. Rb1 Nxd4 (18... Bxd4 $1 $15 {might be stronger.} 19. Bxd4 b5 20. axb5 axb5) 19. Bxd4 $11 Bxd4 20. Qxd4 b5 21. axb5 Rxb5 22. Qa7 $1 $14 Rb7 23. Qxa6 {[%cal Oe4e5]} Rfb8 24. Qa2 (24. e5 $1 $16) 24... Bc6 25. Rfc1 Qc5 26. Qc2 (26. Rc3 $14 {feels stronger.}) 26... Rb4 (26... Qa3 $5 {[%cal Rb7b3]}) 27. h4 h5 28. Kg1 R4b6 (28... Qb6 $11) 29. Kh2 (29. Qd3 $14) 29... Bd7 30. Bf3 Be6 (30... Qa3 $11) 31. Kg2 Rb4 32. Bd1 ({White should try} 32. Qd3 $1 $14) 32... Qc8 (32... Qd4 $11 {keeps the balance.}) 33. f3 Qb7 {[%cal Oe6c4]} 34. Ra1 (34. Qe2 $16) 34... Bxc4 $1 $11 35. Ra3 ({Avoid the trap} 35. bxc4 $2 Rb2 36. Be2 Rxc2 37. Rxc2 Qb3 $19) (35. Qf2 $1 $15 Bxb3 36. Ra7) 35... Qb6 36. Qc3 ({But not} 36. bxc4 $2 Rb2 37. Be2 Rxc2 38. Rxc2 Kg7 $19) 36... Be6 37. Ra4 Rb5 $1 {[%cal Re6b3]} ({Resist} 37... Bxb3 38. Rxb4 Qxb4 39. Qxb4 Rxb4 40. Rb1 $16) 38. b4 Rc8 39. Qd2 Rxc1 40. Qxc1 Rxb4 (40... Qd4 {looks sharper.} 41. Ra8+ Kg7 42. Qa1 Qxa1 43. Rxa1 Rxb4 44. Be2 f5) 41. Rxb4 Qxb4 42. Qe3 {Prevents Qe1.} Bc4 43. Qf2 Qc3 44. Be2 Bb3 45. Bf1 e6 {[%cal Be7e6,Be6d5][%mdl 32]} 46. Qe2 d5 {Black is more active.} 47. exd5 exd5 48. Qd3 Qb2+ 49. Qe2 Bc2 50. Qd2 {[%cal Of1d3] [#] Black must now prevent Bd3!} Qb3 {Prevents Bd3.} 51. Kf2 Qb6+ 52. Ke1 {[#]} (52. Qe3 $142 Qf6 53. Qg5) 52... Qc5 $1 $17 {Hoping for ...Bf5.} 53. Bd3 $2 {[%mdl 8192] This costs White the game.} (53. Qc1 $17) 53... Qg1+ (53... Bxd3 $142 54. Qxd3 Qg1+ 55. Ke2 Qg2+ 56. Ke1 Qxg3+ 57. Ke2 Qxh4 58. Qxd5 Qf4) 54. Ke2 (54. Bf1 $142 Qxg3+ 55. Qf2 Qe5+ 56. Qe2 Qc3+ 57. Kf2) 54... Qg2+ $19 55. Ke1 Qxg3+ 56. Ke2 Qh2+ 57. Ke1 Qxh4+ 58. Kf1 Bxd3+ 59. Qxd3 Qc4 {Weighted Error Value: White=0.46/Black=0.33} 0-1

[Event "32nd Iranian Women-ch 2022"]
[Site "Kermanshah"]
[Date "2022.03.04"]
[Round "7.2"]
[White "Azali, Tannaz"]
[Black "Zahedifar, Anahita"]
[Result "1-0"]
[WhiteElo "2100"]
[BlackElo "2213"]
[Annotator "TA"]
[PlyCount "91"]
[EventDate "2022.02.28"]
[EventType "tourn"]
[EventCountry "IRI"]
[SourceTitle "playchess.com"]
[Source "ChessBase"]
[SourceQuality "1"]

{[%evp 9,91,12,13,-5,29,17,27,25,31,25,79,47,47,35,39,0,55,57,56,39,59,55,52,41,71,70,86,91,93,93,84,75,70,68,70,37,60,33,31,27,25,25,49,39,48,27,27,10,15,11,27,18,45,46,55,45,54,57,87,54,51,44,171,186,173,138,173,46,392,396,473,462,593,585,547,552,720,746,651,689,670,646,970,597]} 1. d4 d5 2. c4 e6 3. Nc3 a6 4. cxd5 exd5 5. Qb3 c5 6. Nf3 {D31: Queen's Gambit Declined: Semi-Slav without ...Nf6 (+ Marshall Gambit and Noteboom) and Exchange Variation lines without ...Nf6.} Nc6 (6... c4 $5 {[%cal Rc4b3]} 7. Qd1 Bb4 $11) 7. dxc5 Bxc5 {[#]} 8. Qxd5 $146 {White has an edge.} ({Predecessor:} 8. Bg5 Nge7 9. e3 Be6 10. Qd1 h6 11. Bh4 d4 12. exd4 Nxd4 13. Bd3 Ndf5 14. Bxe7 Qxe7 {0-1 (73) Yilmaz,M (2636)-Grachev,B (2626) St Petersburg 2018}) 8... Qb6 9. e3 ({Stronger than} 9. Ng5 Bxf2+ 10. Kd1 Nh6 11. Qe4+ Kf8 $17) 9... Nb4 (9... Nf6 $11 {keeps the balance.} 10. Qg5 O-O) 10. Qb3 {[#] Threatens to win with Bc4.} Be6 11. Qa4+ Bd7 12. Qb3 {Hoping for Bc4.} Bf5 ({Black should play} 12... Be6 $1 $11 13. Qd1 Bf5) 13. Nd5 $14 Nxd5 14. Qxd5 Ne7 15. Qb3 Qxb3 16. axb3 Rc8 17. Bd2 Nd5 {Prevents b4.} 18. Bc4 Nb4 19. O-O O-O 20. Bxb4 Bxb4 21. Bd5 Rc7 22. e4 Bd7 23. Ne5 Bb5 24. Rfc1 Re7 25. Nc4 Rd8 26. Rc2 g6 27. Rac1 Kg7 28. g3 f5 29. f3 Bc5+ 30. Kg2 b6 31. b4 Bxb4 32. Nxb6 Bd3 33. Rc7 fxe4 34. Rxe7+ Bxe7 {A strong pair of Bishops.} 35. fxe4 {Rc7 is the strong threat.} Rb8 {[#]} (35... Bf6 $14) 36. Rc7 $1 $18 Rxb6 37. Rxe7+ {[%mdl 4096] Endgame KRB-KRB} Kf6 38. Rb7 (38. Rxh7 $18 {Strongly threatening Rb7.} Rxb2+ 39. Kf3) 38... Rd6 $2 {[%mdl 8192]} (38... Rxb7 $14 39. Bxb7 Ke5) 39. Kf3 Ke5 40. Ke3 {White is clearly winning.} Bc2 41. Re7+ Kf6 42. Rxh7 Ke5 43. Re7+ Kf6 44. Rc7 Ba4 45. Kd4 {Intending e5+ and mate.} Rb6 46. Rb7 {Weighted Error Value: White=0.12 (very precise) /Black=0.41} 1-0

[Event "32nd Iranian Women-ch 2022"]
[Site "Kermanshah"]
[Date "2022.03.04"]
[Round "7.3"]
[White "Mahdian, Anousha"]
[Black "Paktinat, Zhina"]
[Result "1/2-1/2"]
[WhiteElo "2179"]
[BlackElo "1903"]
[Annotator "TA"]
[PlyCount "106"]
[EventDate "2022.02.28"]
[EventType "tourn"]
[EventCountry "IRI"]
[SourceTitle "playchess.com"]
[Source "ChessBase"]
[SourceQuality "1"]

{[%evp 9,106,33,73,66,106,97,136,129,128,106,131,106,102,33,39,8,42,36,36,43,48,29,52,15,44,-30,-33,-29,-37,-36,-22,-58,67,81,66,66,75,68,82,76,74,76,75,65,65,58,109,124,119,124,120,56,89,56,52,14,26,16,110,108,126,49,129,111,150,158,145,136,143,45,50,0,143,0,55,57,39,0,0,0,0,0,0,0,0,0,0,0,0,0,0,0,0,0,1,0,0,0,2]} 1. d4 Nf6 2. Bf4 g6 3. Nc3 d6 4. e4 Bg7 5. Qd2 h6 6. h3 {B07: Pirc Defence: Miscellaneous Systems.} Nbd7 {[#]} 7. O-O-O $146 ({Predecessor:} 7. Nf3 c5 8. d5 Qb6 9. Rb1 a6 10. Bd3 Qc7 11. a4 g5 12. Bh2 c4 13. Be2 {1-0 (38) Osmak,I (2414)-Gevorgyan,M (2271) Kavala 2019}) 7... a6 8. e5 {White is clearly better.} Ng8 9. Nf3 Nb6 10. Bd3 d5 11. e6 (11. Kb1 $16) 11... Bxe6 $14 12. Rde1 {[%cal Oe1e6] Strongly threatening Rxe6!} Qd7 13. Ne5 Bxe5 14. Bxe5 Rh7 15. g4 O-O-O 16. Qe2 {[%cal Od3a6]} Nc4 17. Bxc4 (17. Bg3 $14) 17... dxc4 $11 18. d5 Bxd5 19. Nxd5 Qxd5 20. Rd1 Qc5 (20... Qc6 $1 $15) 21. Rxd8+ $14 Kxd8 22. Rd1+ Ke8 $1 23. Qe4 $1 $36 {[%cal Oe4b7][%mdl 2048] White has some pressure. White is much more active. Black has bad knights.} ({Of course not} 23. Qd2 $6 f6 24. Qd7+ Kf7 $11) 23... Qc6 24. Qxc6+ bxc6 25. Bxc7 $16 {[%csl Gc7][%cal Rd1d8][%mdl 4096] Endgame KRB-KRN} f5 26. Rd8+ Kf7 27. Rd4 Ke6 (27... c3 $14) 28. gxf5+ gxf5 {[%cal Oc4c3]} 29. Rxc4 Kd5 30. b3 (30. Ra4 $1 $16) 30... Nf6 31. Rf4 e6 32. c4+ Kc5 33. Be5 Nd7 (33... Ne4 $11) 34. Bc3 Kb6 35. b4 ({White should try} 35. Kc2 $16) 35... Nf8 (35... c5 $14) 36. Kc2 Rd7 37. Rh4 Rh7 38. c5+ Kb7 {[#]} 39. Rd4 (39. Rh5 $1 $16) 39... Rd7 $14 40. Rh4 (40. Rxd7+ $14 Nxd7 41. Bg7) 40... Rh7 $16 {[#]} 41. Rd4 (41. Rh5 $1 $16) 41... Rd7 $14 42. Rxd7+ Nxd7 {KB-KN} 43. Bg7 h5 {The position is equal.} 44. f4 a5 45. Kc3 Ka6 46. Kc4 Nb8 47. a3 Nd7 48. Kb3 Kb5 49. a4+ Ka6 50. Kc4 {Black must now prevent b5+.} axb4 51. Kxb4 Nb8 52. Be5 Nd7 53. Bg7 Nb8 {Weighted Error Value: White=0.20 (precise) /Black=0.24 (precise)} 1/2-1/2